Central Library OPAC University of Rajshahi
Normal view MARC view

Entry Uniform Title

Number of records used in: 11

001 - CONTROL NUMBER

  • control field: 1462

003 - CONTROL NUMBER IDENTIFIER

  • control field: BD-RjUL

005 - DATE AND TIME OF LATEST TRANSACTION

  • control field: 20220220093906.0

008 - FIXED-LENGTH DATA ELEMENTS

  • fixed length control field: 220220|| aca||aabn | a|a d

040 ## - CATALOGING SOURCE

  • Original cataloging agency: BD-RjUL
  • Transcribing agency: BD-RjUL

130 ## - HEADING--UNIFORM TITLE

  • Uniform title: "E.J.W. Gibb memorial" series

670 ## - SOURCE DATA FOUND

  • Source citation: Work cat.: (BD-RjUL)79417: سراج، أبو نصر عبد الله بن علي.;; Sarrāj, Abū Naṣr ʿAbd Allāh ibn ʿAlī, -988. 1460, كتاب اللمع في التصوف / ;; Kitāb al-lumaʿ fī al-taṣawwuf /, 1914.